000 00282nam a22001217a 4500
008 170406b xxu||||| |||| 00| 0 eng d
041 _aeng
080 _25 ED
_a575
100 _a9
101 _aSHM
245 _aCURRENT THERAPY IN ALLEGRY IMMUNOLOGY
_cFAUCI.L
942 _2udc
_cBK
999 _c9999
_d9999